Slownik podstawowy jezyka polskiego dla cudzoziemców

Gespeichert in:
Bibliographische Detailangaben
1. Verfasser: Bartnicka, Barbara
Weitere Verfasser: Sinielnikoff, Roxana
Format: Buch
Sprache:Polnisch
Veröffentlicht: Kielce Wydawnictwo Takt 1999
Ausgabe:3. wyd.
Schlagworte:
Tags: Tag hinzufügen
Keine Tags, Fügen Sie das erste Tag hinzu!

MARC

LEADER 00000nam a2200000 4500
001 c120095
005 20221221083612.1
020 |a 83-87850-07-1 
041 0 |a pol 
044 |a PL 
245 1 0 |a Slownik podstawowy jezyka polskiego dla cudzoziemców  |c Barbara Bartnicka, Roxana Sinielnikoff 
250 |a 3. wyd. 
264 1 |a Kielce  |b Wydawnictwo Takt  |c 1999 
300 |a 395 s. 
610 2 0 |a jazykoveda 
610 2 0 |a terminológia 
610 2 0 |a cudzinci 
610 2 0 |a poľština 
100 1 |a Bartnicka, Barbara 
700 1 |a Sinielnikoff, Roxana